Educational implications of Guru Nanak Dev's concept of man (Record no. 2910)

MARC details
000 -LEADER
fixed length control field 00660 a2200205 4500
010 ## - LIBRARY OF CONGRESS CONTROL NUMBER
LC control number ENG-85561
020 ## - INTERNATIONAL STANDARD BOOK NUMBER
Terms of availability 325.00
035 ## - SYSTEM CONTROL NUMBER
System control number EN-69094
037 ## - SOURCE OF ACQUISITION
Source of stock number/acquisition D.B.Act / Pub
082 14 - DEWEY DECIMAL CLASSIFICATION NUMBER
Classification number 370.19
090 ## - LOCALLY ASSIGNED LC-TYPE CALL NUMBER (OCLC); LOCAL CALL NUMBER (OCLC)
-- 2969
-- 2969
100 1# - MAIN ENTRY--PERSONAL NAME
Personal name Kahlon, Kuldip singh
245 1# - TITLE STATEMENT
Title Educational implications of Guru Nanak Dev's concept of man
Remainder of title by Kuldip singh Kahlon
260 ## - PUBLICATION, DISTRIBUTION, ETC. (IMPRINT)
Place of publication, distribution, etc Patiala
Name of publisher, distributor, etc K. S. Kahlon
Date of publication, distribution, etc 2005
270 ## - ADDRESS
Address 17-C, Model Town
City Patiala
300 ## - PHYSICAL DESCRIPTION
Extent xvi, 196 p.
Dimensions 22 cm (Hb.)
500 ## - GENERAL NOTE
General note includes bibliographical refrence
942 ## - ADDED ENTRY ELEMENTS (KOHA)
Institution code [OBSOLETE] dpl
Koha item type English Books
Call number prefix 370.19 / KAH
Holdings
Withdrawn status Lost status Source of classification or shelving scheme Damaged status Not for loan Collection code Home library Current library Source of acquisition Cost, normal purchase price Total Checkouts Full call number Barcode Date last seen Copy number Uniform Resource Identifier Cost, replacement price Price effective from Koha item type
    Dewey Decimal Classification   Not For Loan Non-fiction D.B.Act.Division D.B.Act.Division DBAD/PUB 325.00   370.19 KAH EN-69094 15/09/2008 1 3102 325.00 15/09/2008 English Books

© Delhi Public Library
Hit Counter
free hit counter